Szczegóły MARC21

Euroekspres - Polska w zjednoczonej Europie : zeszyt ćwiczeń do edukacji europejskiej dla gimnazjalisty /

003 -Nazwa inst., której nr kontr. jest w polu 001 [,]
    • @
    • Nazwa instytucji, której n kontrolny jest w polu 001
    • NUKAT
005 -DATA I CZAS OSTATNIEJ MODYFIKACJI [,]
    • @
    • pole kontrolne
    • 20241231101511.0
020 -Międzynarod. znormalizowany nr książki - ISBN [ , ]
    • a
    • Numer ISBN
    • 8373159983 Find
040 -Instytucja sporządzająca opis [ , ]
    • a
    • Instytucja, która sporządziła opis (NP)
    • KR U/MM
    • c
    • Instytucja, która sporządziła rekord (NP)
    • KR U/MM
    • d
    • Instytucja, która zmodyfikowała rekord (P)
    • KR U/ynk
    • d
    • Instytucja, która zmodyfikowała rekord (P)
    • KIEL 010/HLs
942 -Rodzaj dokumentu [ , ]
    • c
    • Rodzaj dokumentu
    • Książka
100 -Hasło główne - nazwa osobowa [1, ]
    • a
    • Nazwa osobowa (NP)
    • Bednarska, Maria
    • c
    • Dopowiedzenie inne niż daty biograficzne (P)
    • (edukacja).
    • 9
    • KHW
    • 577948
245 -Strefa tytułu i oznaczenia odpowiedzialności [1,0]
    • a
    • Tytuł
    • Euroekspres - Polska w zjednoczonej Europie : Find
    • b
    • Ciąg dalszy tytułu (NP)
    • zeszyt ćwiczeń do edukacji europejskiej dla gimnazjalisty / Find
    • c
    • Pozostałe elementy strefy tytułu i oznaczenia odpowiedzialności (NP)
    • Maria Bednarska, Joanna Piasta-Siechowicz.
246 -Wariant tytułu [3,0]
    • a
    • Tytuł (NP)
    • Polska w zjednoczonej Europie
260 -Strefa adresu wydawniczego [ , ]
    • a
    • Miejsce wydania (P)
    • Kielce :
    • b
    • Nazwa wydawcy (P)
    • Mac Edukacja,
    • c
    • Data wydania (P)
    • cop. 2004.
300 -Strefa opisu fizycznego [ , ]
    • a
    • Określenie formy książki i/lub objętość (NP)
    • 128 s. :
    • b
    • Oznaczenie ilustracji (NP)
    • il. kolor. ;
    • c
    • Format (NP)
    • 24 cm.
336 -Typ zawartości [ , ]
    • a
    • Termin opisujący typ zawartości
    • Tekst
    • b
    • Kod określający zawartość
    • txt
    • 2
    • Źródło (terminu i kodu)
    • rdacontent
337 -Typ mediów [ , ]
    • a
    • Tryb odtwarzania
    • Bez urządzenia pośredniczącego
    • b
    • Kod typu mediów
    • n
    • 2
    • Źródło (terminu i kodu)
    • rdamedia
338 -Typ/rodzaj nośnika [ , ]
    • a
    • Hasło opisujące typ nośnika
    • Wolumin
    • b
    • Kod typu nośnika
    • nc
    • 2
    • Źródło (terminu i kodu)
    • rdacarrier
080 -Uniwersalna Klasyfikacja Dziesiętna [ , ]
    • 2
    • Identyfikator wydania tablic
    • UDC-PO58
    • a
    • Symbol klasyfikacji
    • 327.39
    • b
    • Dopowiedzenie
    • Ruchy na rzecz integracji etnicznej, rasowej, religijnej, geograficznej itp.
    • x
    • Poddział wspólny
    • (4-67)
    • b
    • Dopowiedzenie
    • Kraje Unii Europejskiej.
    • x
    • Poddział wspólny
    • (075.3-021.64)
    • b
    • Dopowiedzenie
    • Podręczniki dla gimnazjum.
    • x
    • Poddział wspólny
    • (076)
    • b
    • Dopowiedzenie
    • Materiały do ćwiczeń praktycznych. Zadania. Pytania i rozwiązania. Teksty programowe.
610 -Hasło przedmiotowe w formie nazwy ciała zbiorowego [2,7]
    • a
    • Nazwa ciała zbiorowego lub nazwa geograficzna
    • Unia Europejska
    • v
    • Określnik formalny
    • zadania i ćwiczenia.
    • 2
    • Źródło terminu
    • kaba
    • 9
    • KHW
    • 450701
980 -Symbol UKD [ , ]
    • a
    • UKD
    • 327.39(4-67)(075.3-021.64)(076)
700 -Hasło dodatkowe - nazwa osobowa [1, ]
    • a
    • Nazwa osobowa (NP)
    • Piasta-Siechowicz, Joanna Find
    • d
    • Daty biograficzne (NP)
    • (1965-2021).
    • 9
    • KHW
    • 577949
710 -Hasło dodatkowe - nazwa ciała zbiorowego [2, ]
    • a
    • Nazwa ciała zbiorowego lub nazwa geograficzna jako pierwszy element (NP)
    • MAC Edukacja.
    • 4
    • Kod relacji
    • pbl
    • 9
    • KHW
    • 78433
920 -ISBN [ , ]
    • a
    • ISBN
    • 83-7315-998-3 Find
Numer inwentarzowy Lokalizacja Data inwentaryzacji Status udost.
Pd.19073BG2008-01-241